Sports Quiz

Random Sports or Basketball Quiz
Score 0/50 Timer 07:00
2 Plays Today
Year Player % Correct
2019-20James Harden
100%
2018-19James Harden
100%
2017-18James Harden
100%
2016-17James Harden
100%
2015-16James Harden
100%
2014-15James Harden
100%
2013-14James Harden
100%
2012-13James Harden
100%
2019-20Clint Capela
99.2%
2018-19Chris Paul
99.2%
2018-19Clint Capela
99.2%
2017-18Chris Paul
99.2%
2017-18Clint Capela
99.2%
2016-17Clint Capela
99.2%
2019-20Russell Westbrook
96.5%
2018-19Eric Gordon
93.1%
2019-20PJ Tucker
91.9%
2018-19PJ Tucker
91.9%
2017-18PJ Tucker
91.9%
2019-20Danuel House
89.6%
2017-18Trevor Ariza
82.6%
2016-17Trevor Ariza
82.6%
2015-16Trevor Ariza
82.6%
2014-15Trevor Ariza
82.6%
2015-16Dwight Howard
80.3%
Year Player % Correct
2014-15Dwight Howard
80.3%
2013-14Dwight Howard
80.3%
2016-17Patrick Beverley
78.8%
2015-16Patrick Beverley
78.8%
2014-15Patrick Beverley
78.8%
2013-14Patrick Beverley
78.8%
2016-17Ryan Anderson
59.5%
2011-12Kevin Martin
54.4%
2010-11Kevin Martin
54.4%
2011-12Kyle Lowry
48.6%
2010-11Kyle Lowry
48.6%
2012-13Jeremy Lin
47.1%
2013-14Chandler Parsons
43.2%
2012-13Chandler Parsons
43.2%
2011-12Chandler Parsons
43.2%
2011-12Luis Scola
42.5%
2010-11Luis Scola
42.5%
2013-14Terrence Jones
42.1%
2012-13Omer Asik
29.7%
2015-16Donatas Motiejunas
25.1%
2014-15Donatas Motiejunas
25.1%
2010-11Shane Battier
24.3%
2010-11Chuck Hayes
18.9%
2012-13Patrick Patterson
16.2%
2011-12Samuel Dalembert
14.7%

You're not logged in!

Compare scores with friends on all Sporcle quizzes.
OR
Log In

Sporcle TV

Today on Sporcle TV


Watch our educational content, quiz creation guides, and fun videos on Sporcle TV.

Show Comments

Extras

Top Quizzes Today


Score Distribution

Paid Content

Your Account Isn't Verified!

In order to create a playlist on Sporcle, you need to verify the email address you used during registration. Go to your Sporcle Settings to finish the process.

Report this User

Report this user for behavior that violates our Community Guidelines.

Details: